LIBRARY & INFORMATION CENTRE, KCAET, TAVANUR

ONLINE PUBLIC ACCESS CATALOGUE (OPAC)

Irrigation Theory and Practices (Record no. 19020)

MARC details
000 -LEADER
fixed length control field 00354nam a22001457a 4500
003 - CONTROL NUMBER IDENTIFIER
control field OSt
008 - FIXED-LENGTH DATA ELEMENTS--GENERAL INFORMATION
fixed length control field 250113b |||||||| |||| 00| 0 eng d
041 ## - LANGUAGE CODE
Language code of text/sound track or separate title eng
082 ## - DEWEY DECIMAL CLASSIFICATION NUMBER
Classification number 631.587
Item number MIC/PR
100 ## - MAIN ENTRY--AUTHOR NAME
Personal name Michael, AM
245 ## - TITLE STATEMENT
Title Irrigation Theory and Practices
250 ## - EDITION STATEMENT
Edition statement 14th
260 ## - PUBLICATION, DISTRIBUTION, ETC. (IMPRINT)
Place of publication Delhi:
Name of publisher Vani Educational Book,
Year of publication 1985.
942 ## - ADDED ENTRY ELEMENTS (KOHA)
Koha item type Books
Holdings
Withdrawn status Lost status Damaged status Home library Current library Date acquired Source of acquisition Cost, normal purchase price Full call number Accession Number Koha item type
Withdrawn     KAUAET KAUAET 13/01/2025 Standard Book House, Thrissur. 75.00 631.587 MIC/PR 15207 Books
Withdrawn     KAUAET KAUAET 13/01/2025 Standard Book House, Thrissur. 75.00 631.587 MIC/PR 15213 Books
Withdrawn     KAUAET KAUAET 13/01/2025 Standard Book House, Thrissur. 75.00 631.587 MIC/PR 15214 Books
free website counter